Praha : Kaleidoskop velkoměsta /

Main Author: Polák, Michal
Language: Czech
Published: Praha : Československá tisková kancelář-Pressfoto, 1991
Edition: 1. vyd.
Series: Má vlast (Pressfoto). Řada A
Physical Description: [261] s. : barev. fotogr. ; 29 cm
Book
Saved in:
LEADER 01129nam a2200289 a 4500
001 000531292
003 CZ BrMZK
005 20221005091600.0
007 ta
008 010907s1991 xr a f 000 m cze d
015 |a cnb000060941 
020 |a 80-7046-021-0  |q (Váz.) 
035 |a (OCoLC)39583348 
040 |a BOA001  |b cze 
080 |a 084(437.10)  |2 MRF 
100 1 |a Polák, Michal  |7 ola2002146958  |4 aut  |4 ill 
245 1 0 |a Praha :  |b Kaleidoskop velkoměsta /  |c [Fotogr.] Michal Polák ; Úvod, texty a básně Pavel Vrba ; Přebal, vazba a graf. úprava Zbyněk Weinfurter 
250 |a 1. vyd. 
260 |a Praha :  |b Československá tisková kancelář-Pressfoto,  |c 1991 
300 |a [261] s. :  |b barev. fotogr. ;  |c 29 cm 
490 1 |a Má vlast. Řada A ;  |v Sv. 1 
500 |a Souběž. angl., franc., ital., něm., rus. a špan. název a souhrny. - Ilustr. předsádky a tit. list. 
830 0 |a Má vlast (Pressfoto).  |p Řada A  |0 s 
910 |a BOA001  |b 4-0973.242 
964 |a Praha - publikace fotografické 
990 |a BK 
996 6 |b 2619221939  |c 4-0973.242  |l MZK  |r Sklad / do 1 hodiny  |n 2  |w 000531292  |u 000010  |a 1  |e BOA001  |j MZK50  |s P